| 000 | 00801nam a22002777a 4500 | ||
|---|---|---|---|
| 003 | DO-SdBPM | ||
| 005 | 20250306110211.0 | ||
| 008 | 210426b2007 ch 00| 0 spa d | ||
| 020 | _a9787802003033 | ||
| 040 |
_aDO-SdBPM _bspa _cBPMSU _erda |
||
| 082 | 4 |
_aR495.11 _bZ63ch 2012 _222 |
|
| 092 | _a | ||
| 100 | 1 | _aZhang, Pengpeng | |
| 245 | 1 | 0 |
_aChino hablado intensivo / _cZhang Pengpeng |
| 246 | 1 | 4 | _aNuevos enfoques para el aprendizaje del chino |
| 260 |
_aRepública Popular, China : _bSonolingua, _c2012 _b |
||
| 300 |
_a166 p. : _c28 cm. |
||
| 500 | _3 | ||
| 590 | _aInventariado, 2025/VM | ||
| 650 | 4 |
_aChino _xAlfabeto. |
|
| 650 | 4 | _aEscritura china. | |
| 650 | 4 |
_xGramática. _aChino |
|
| 650 | 4 |
_aChino _xEscritura _v |
|
| 910 | _aVMateo V. Control de calidad. BPMSU | ||
| 942 |
_2ddc _cBK |
||
| 999 |
_c14987 _d14987 |
||